00000000nam 2200000za 4500
0019.856077
003CaOODSP
00520221107155444
007cr |||||||||||
008180502s2018    onc     ob   f000 0 eng d
040 |aCaOODSP|beng
041 |aeng|bfre
043 |an-cn---
0861 |aFB3-6/2018-5E-PDF
1001 |aDavoodalhosseini, S. Mohammad R.
24512|aA policy framework for e-money |h[electronic resource] : |ba report on Bank of Canada research / |cby Mohammad Davoodalhosseini and Francisco Rivadeneyra.
260 |a[Ottawa] : |bBank of Canada, |c2018.
300 |aii, 21 p.
4901 |aBank of Canada staff discussion paper, |x1914-0568 ; |v2018-5
500 |a"April 2018."
504 |aIncludes bibliographical references.
5203 |a"We present a policy framework for electronic money and payments. The framework poses a set of positive questions related to the areas of responsibility of central banks: payments systems, monetary policy and financial stability. The questions are posed to four broad forms of e-money: privately or publicly issued, and with centralized or decentralized verification of transactions. This framework is intended to help evaluate the trade-offs that central banks face in the decision to issue new forms of e-money"--Abstract, p. ii.
546 |aIncludes abstract in French.
693 4|aElectronic funds transfers
693 4|aMonetary policy
7001 |aRivadeneyra, Francisco.
7102 |aBank of Canada.
830#0|aStaff discussion paper (Bank of Canada)|x1914-0568 ; |v2018-5.|w(CaOODSP)9.806273
85640|qPDF|s766 KB|uhttps://publications.gc.ca/collections/collection_2018/banque-bank-canada/FB3-6-2018-5-eng.pdf